Vista normal
Vista MARC
Entrada Personal Name
Número de registros utilizados en: 2
001 - CONTROL NUMBER
- control field: 317
003 - CONTROL NUMBER IDENTIFIER
- control field: OSt
005 - DATE AND TIME OF LATEST TRANSACTION
- control field: 20110728091826.0
008 - FIXED-LENGTH DATA ELEMENTS
- fixed length control field: 110728|||a|||||| | ||| d
040 ## - CATALOGING SOURCE
- Original cataloging agency: OSt
- Transcribing agency: OSt
100 ## - HEADING--PERSONAL NAME
- Personal name: Ramirez Calovi, Edgardo.
670 ## - SOURCE DATA FOUND
- Source citation: Work cat.: (OSt)224: Ramirez Calovi, Edgardo., Estudio de seguimiento antropemétrico de recién nacidos pretérmino durante el primer año de vida : 1, Peso, talla y perímetro cefálico, según la edad gestacional y sexo, 2000.